|
|
|
|
| LEADER |
01346nam a2200301 a 4500 |
| 001 |
0017967 |
| 003 |
BD-DhAAL |
| 008 |
090713r20072000nyuab b 001 0 eng d |
| 010 |
|
|
|a 00042201
|
| 020 |
|
|
|a 1403905614
|
| 040 |
|
|
|a DLC
|c DLC
|d DLC
|d BD-DhAAL
|
| 082 |
0 |
0 |
|a 820.9
|2 21
|
| 100 |
1 |
|
|a Alexander, Michael,
|d 1941-
|9 5716
|
| 245 |
1 |
2 |
|a A history of English literature /
|c Michael Alexander.
|
| 260 |
|
|
|a New York, N.Y. :
|b St. Martin's Press,
|c 2000 [reprinted 2007].
|
| 300 |
|
|
|a xii, 387 p. :
|b ill., maps ;
|c 26 cm
|
| 490 |
1 |
|
|a Foundations
|
| 504 |
|
|
|a Includes bibliographical references and index.
|
| 526 |
|
|
|a ENH
|
| 541 |
1 |
|
|e 17967
|a D. S. Books International
|
| 650 |
|
0 |
|a English literature
|x History and criticism.
|
| 651 |
|
0 |
|a Great Britain
|x Intellectual life.
|
| 830 |
|
0 |
|a Foundations (St. Martin's Press)
|9 58006
|
| 852 |
4 |
|
|a Ayesha Abed Library
|c General Stacks
|
| 942 |
0 |
0 |
|0 1
|2 ddc
|c BK
|
| 999 |
|
|
|c 2320
|d 2320
|
| 952 |
|
|
|0 0
|1 0
|2 ddc
|4 0
|6 820_900000000000000_ALE_2007
|7 0
|9 2144
|a BRACUL
|b BRACUL
|c GEN
|d 2009-07-13
|e D. S. Books International
|l 5
|m 3
|o 820.9 ALE
|p 3010017968
|r 2022-07-18
|s 2022-07-17
|t 2
|w 2009-07-13
|y BK
|x USD 41.70
|
| 952 |
|
|
|0 0
|1 0
|2 ddc
|4 0
|6 820_900000000000000_ALE_2007
|7 0
|9 16185
|a BRACUL
|b BRACUL
|c GEN
|d 2011-04-23
|e D. S. Books International
|l 4
|m 21
|o 820.9 ALE
|p 3010017967
|r 2018-12-10
|s 2018-10-23
|t 1
|w 2011-04-23
|y BK
|x USD 41.70
|